Corpo e rivoluzione in Marx : morte, diavolo, analita /
Gardado en:
| Autor Principal: | |
|---|---|
| Formato: | Libro |
| Idioma: | Lingua italiana |
| Publicado: |
Milano :
Moizzi,
1977
|
| Series: | Uomo & società ;
5 |
| Subjects: | |
| Tags: |
Sen Etiquetas, Sexa o primeiro en etiquetar este rexistro!
|
MARC
| LEADER | 00000nam a22000007i 4500 | ||
|---|---|---|---|
| 001 | IT\ICCU\SBL\0584821 | ||
| 003 | ItRI | ||
| 005 | 20260115232322.0 | ||
| 008 | 910930s1977 it |||||| ||||| |||||c | ||
| 015 | |2 IT |a 777335 | ||
| 040 | |b ita |c importazione bologna sebina | ||
| 041 | 7 | |a ita |2 ISO-639-2 | |
| 082 | |a 150.195 |9 PSICANALISI |2 18 | ||
| 100 | 1 | |a Parinetto, Luciano |0 IT\ICCU\CFIV\111464 |4 aut | |
| 245 | 1 | 0 | |a Corpo e rivoluzione in Marx : |b morte, diavolo, analita / |c Luciano Parinetto. |
| 260 | |a Milano : |b Moizzi, |c 1977 | ||
| 300 | |a 430 p. ; |c 22 cm. | ||
| 650 | 7 | |a Psicanalisi e marxismo |2 scbi | |
| 830 | 0 | |a Uomo & società ; |v 5 |0 IT\ICCU\LO1\0028826 | |
| 942 | |2 ddc |c BK |n 0 | ||
| 952 | |0 0 |1 0 |4 0 |6 DOC_320_532000000000000_PAR |7 0 |9 24104 |a BO |b BO |d 2026-01-15 |i 1070 |l 0 |o DOC 320.532 PAR |p BO1070 |r 2026-01-15 23:23:22 |w 2026-01-15 |x [Sebina 7] [1 v.] |y BK |z 1 v. | ||
| 999 | |c 20522 |d 20522 | ||